أصول التربية الإسلامية : (رقم التسجيلة. 30005)

تفاصيل مارك
000 -الفاتح
حقل البيانات ثابتة الطول 00738nam a22001817a 4500
005 - وقت وتاريخ اخر تعامل مع التسجيلة
رقم الضبط 20150408114133.0
008 - عناصر البيانات ثابتة الطول - معلومات عامة
حقل البيانات ثابتة الطول 130525s 1981su ||||| |||| 00| 0 ara d
040 ## - مصدر الفهرسة
وكالة الفهرسة الأصلية ma-un
082 ## - رقم تصنيف ديوى العشرى
رقم الطبعة 21
رقم التصنيف 212
رقم المادة ج س ا
100 ## - المدخل الرئيسى - إسم شخصى
الإسم الشخصى جنيدل، سعد بن عبد الله بن إبراهيم،
9 (RLIN) 35855
245 ## - بيان العنوان
العنوان أصول التربية الإسلامية :
بقية العنوان مقارنة مع نظريات التربية /
بيان المسئوليه,etc ابن جنيدل، سعد بن عبد الله بن إبراهيم،
250 ## - بيان الطبعة
بيان الطبعة ط.1
260 ## - PUBLICATION, DISTRIBUTION, ETC. (IMPRINT)
مكان الناشر او الموزع الرياض :
اسم الناشر او الموزع دار العلوم للطباعة والنشر،
تاريخ النشر أو التوزيع 1981
300 ## - الوصف المادى
التعداد 159 ص.
أبعاد الوعاء 24 سم
650 ## - المدخل الاضافى بالموضوع-مصطلح موضوعى
9 (RLIN) 75
مصطلح موضوعي أو اسم جغرافي كعنصر مدخل التربية الإسلامية
650 ## - المدخل الاضافى بالموضوع-مصطلح موضوعى
9 (RLIN) 2853
مصطلح موضوعي أو اسم جغرافي كعنصر مدخل التعليم
التقسيم الفرعي العام فلسفة
942 ## - عناصر المدخل الإضافي( كوها)
مصدر التصنيف او مخطط الترفيف Dewey Decimal Classification
Koha [default] item type كتاب

لا توجد مواد متاحة.